000 00375nam a2200145Ia 4500
008 230312s9999||||xx |||||||||||||| ||und||
020 _a81-309-0308-3
082 _a658.05405
_bHAN
245 0 _aHandbook of Data Management
260 _bViva Books
_aIndia
_c2008
300 _aI-21
546 _aEng.
650 _aManagement
_vMethodologies,definitions,Strategy
942 _cBK
999 _c1065
_d1065